Statystyki dla Państwa graniczące z państwami na literę J (z mapą!)

Kliknij tutaj aby rozwiązać quiz!

Ogólne statystyki

  • Ten quiz został rozwiązany 256 razy
  • Średni wynik to 5 z 6

Odpowiedzi na mapie

Odpowiedzi skodowane kolorowo w zielono-czerwonej skali na mapie do tego quizu, zgodnie z poniższymi procentami.
 

Statystyki odpowiedzi

Państwo% Poprawnych
Arabia Saudyjska
98%
Oman
94%
Izrael
90%
Syria
89%
Irak
88%
Egipt
79%

Rozkład punktacji

Percentyl według liczby udzielonych odpowiedzi

Procent ludzi z każdym wynikiem

Twoja historia wyników

Nie rozwiązałeś tego quizu